000 00240 a2200109 4500
245 _aGhost Voyages
_hText
020 _a059074058X
100 _aTaylor Cora
650 _aEnglish Novel
005 20191021095627.0
260 _aCanada
_bScholastic
_c1936
084 _aNONE
999 _c12476
_d12476